000 00999nam a22003257a 4500
003 CHAP
005 20220329133353.0
008 971013s1992 r 00010 d
010 _a5572
011 _a6544
035 _a5764
040 _cCHAP
090 _aTesis
100 0 0 _aTorres Montalvo, José Heriberto.
_9114171
245 _aComparación de sorgos isogénicos para color de planta
260 _aMontecillo, Méx. :
_bEl autor,
_c1992
300 _a145 h.
500 _a58-111
502 _aTesis (M.C. Esp. en Genética) -- CP. Centro de Genética
590 _aALEPH
_b10
_c20130110
_lUCH01
_h1216
590 _aBATCH-UPD
_b10
_c20130110
_lUCH01
_h1242
590 _aBATCH-UPD
_b10
_c20130410
_lUCH01
_h0807
590 _aBATCH-UPD
_b10
_c20130914
_lUCH01
_h2030
590 _aCONVERSION
_b10
_c20130109
_lUCH01
_h1304
650 1 4 _aSorgo
_xColor.
_9108637
650 1 4 _aSorgo
_xRendimiento.
_9108714
901 _aBK
942 _cTESIS
949 _bBC
_cTES
_d-15359
_eTS1
_h25052
_i5764
_si
999 _c5572
_d5572